[Event "Bavaria-ch 94th"]
[Site "Rosenheim"]
[Date "2023.08.22"]
[Round "4"]
[White "Mazatis, Benjamin"]
[Black "Paar, Johannes"]
[Result "1/2-1/2"]
[WhiteElo "1731"]
[BlackElo "1953"]
[PlyCount "98"]
[EventDate "2023.08.20"]
[EventType "tourn"]
[EventRounds "9"]
[EventCountry "GER"]
[SourceTitle "CBM 215 Extra"]
[Source "ChessBase"]
[SourceDate "2023.09.30"]
[SourceVersion "1"]
[SourceVersionDate "2023.09.30"]
[SourceQuality "1"]

1. d4 Nf6 2. c4 e6 3. Nf3 b6 4. g3 Ba6 5. b3 Bb4+ 6. Bd2 Be7 7. Bg2 c6 8. 0-0 0-0 9. Qc2 d5 10. Rd1 Nbd7 11. Bg5 Rc8 12. Nbd2 h6 13. Bf4 c5 14. e3 cxd4 15. exd4 dxc4 16. bxc4 b5 17. c5 Nd5 18. Be3 N7b6 19. Qb3 Na4 20. Rac1 Qa5 21. Nb1 Rfd8 22. Ne5 Qc7 23. Nd3 Nxe3 24. fxe3 Bg5 25. Ne5 Bf6 26. Nc6 Re8 27. Na3 Rb8 28. Nxb8 Rxb8 29. Nc2 Bb7 30. Ne1 Bxg2 31. Nxg2 a6 32. Qc2 Qc6 33. a3 Rc8 34. Ne1 h5 35. Nd3 h4 36. Qg2 Qc7 37. Nf4 hxg3 38. hxg3 g5 39. Nd3 Kg7 40. Nf2 Nb2 41. Re1 Nc4 42. Rc3 Qa5 43. Ne4 Be7 44. Rec1 Qc7 45. Rxc4 bxc4 46. Rxc4 Qa5 47. Qd2 Qxa3 48. Qc3 Qa2 49. Qc2 Qa5 1/2-1/2

[Event "Bavaria-ch 94th"]
[Site "Rosenheim"]
[Date "2023.08.20"]
[Round "1"]
[White "Mazatis, Benjamin"]
[Black "Fuchs, Florian1"]
[Result "0-1"]
[WhiteElo "1731"]
[BlackElo "2096"]
[PlyCount "140"]
[EventDate "2023.08.20"]
[EventType "tourn"]
[EventRounds "9"]
[EventCountry "GER"]
[SourceTitle "CBM 215 Extra"]
[Source "ChessBase"]
[SourceDate "2023.09.30"]
[SourceVersion "1"]
[SourceVersionDate "2023.09.30"]
[SourceQuality "1"]

1. d4 d5 2. c4 e6 3. Nf3 Nf6 4. g3 Bb4+ 5. Nbd2 dxc4 6. Bg2 b5 7. 0-0 a5 8. Ne1 Ra6 9. Nc2 Be7 10. a4 c6 11. Nf3 Nbd7 12. Na3 Qb6 13. Re1 0-0 14. e4 Bb7 15. Be3 Bxa3 16. Rxa3 b4 17. Ra1 Nxe4 18. d5 c5 19. dxe6 Ndf6 20. exf7+ Rxf7 21. Ne5 Re7 22. Nxc4 Qe6 23. Bxc5 Rd7 24. Qc1 Rc7 25. b3 Rxc5 26. f3 Rxc4 27. bxc4 Qb6+ 28. Qe3 Qxe3+ 29. Rxe3 Nc5 30. Re7 Bc6 31. Rc7 Nfd7 32. f4 Bxg2 33. Kxg2 b3 34. Rb1 Rb6 35. Ra7 Nb7 36. Kf3 Ndc5 37. Ke3 Nxa4 38. Kd4 Nac5 39. Rxa5 Nxa5 40. Kxc5 Rb8 41. Kd4 b2 42. Kc3 Kf7 43. c5 Ke6 44. Rxb2 Rxb2 45. Kxb2 Kd5 46. Kc3 Kxc5 47. Kd3 Kd5 48. g4 Nb7 49. h4 h5 50. gxh5 Nd6 51. Ke3 Ke6 52. Kf3 Kf5 53. h6 gxh6 54. Kg3 Ne4+ 55. Kf3 Nf6 56. Kg3 Nh5+ 57. Kf3 Nxf4 58. Kg3 h5 59. Kf3 Ng6 60. Kg3 Ke4 61. Kh3 Kf4 62. Kh2 Nxh4 63. Kh3 Nf5 64. Kg2 Kg4 65. Kh2 h4 66. Kg2 h3+ 67. Kh2 Kh4 68. Kh1 Kg3 69. Kg1 Nd6 70. Kh1 Ne4 0-1

[Event "Arco op 44th"]
[Site "Arco"]
[Date "2022.10.12"]
[Round "5"]
[White "Masio, Andreas"]
[Black "Mazatis, Benjamin"]
[Result "0-1"]
[WhiteElo "2043"]
[BlackElo "1640"]
[PlyCount "116"]
[EventDate "2022.10.08"]
[EventType "swiss"]
[EventRounds "9"]
[EventCountry "ITA"]
[SourceTitle "CBM 210 Extra"]
[Source "ChessBase"]
[SourceDate "2022.11.30"]
[SourceVersion "1"]
[SourceVersionDate "2022.11.30"]
[SourceQuality "1"]

1. e4 c6 2. d4 d5 3. e5 c5 4. c3 Nc6 5. Be2 Bf5 6. Nf3 e6 7. 0-0 h6 8. Na3 cxd4 9. Nxd4 Nxd4 10. cxd4 Ne7 11. Qb3 Rb8 12. Bd2 Nc6 13. Rac1 Be7 14. Bb5 0-0 15. Qa4 a6 16. Bxc6 bxc6 17. Ba5 Qd7 18. Bc3 Rfc8 19. Rfd1 Qb7 20. Nc2 Bxc2 21. Rxc2 c5 22. Rdc1 Bg5 23. Rf1 cxd4 24. Qxd4 Rc4 25. Qd3 Rbc8 26. Re2 Qb6 27. g3 a5 28. Kg2 a4 29. f4 Be7 30. f5 Qb7 31. Kh3 Qa6 32. Qf3 exf5 33. Qxd5 Qe6 34. Rd2 Qxd5 35. Rxd5 a3 36. Rd7 axb2 37. Bxb2 Kf8 38. Rb7 g6 39. Rd1 R4c7 40. Rxc7 Rxc7 41. Rd2 Bb4 42. Re2 Ke7 43. a3 Ba5 44. Kg2 Rc4 45. h4 h5 46. Kf3 Bb6 47. Rd2 Bc5 48. Re2 Ra4 49. Re1 Ke6 50. Rd1 Rc4 51. Rd2 Be7 52. Kg2 f4 53. gxf4 Rxf4 54. Rd4 Rxd4 55. Bxd4 Bxa3 56. Kf3 Kf5 57. Bc3 Bc1 58. Bd4 Bf4 0-1

[Event "Prague op-B 20th"]
[Site "Prague"]
[Date "2022.01.12"]
[Round "7"]
[White "Sosovickova, Martina"]
[Black "Mazatis, Benjamin"]
[Result "1/2-1/2"]
[WhiteElo "1702"]
[BlackElo "1546"]
[PlyCount "47"]
[EventDate "2022.01.07"]
[EventType "swiss"]
[EventRounds "9"]
[EventCountry "CZE"]
[SourceTitle "CBM 206 Extra"]
[Source "ChessBase"]
[SourceDate "2022.03.31"]
[SourceVersion "1"]
[SourceVersionDate "2022.03.31"]
[SourceQuality "1"]

1. e4 c6 2. d4 d5 3. e5 c5 4. dxc5 e6 5. Be3 Nd7 6. Nf3 Bxc5 7. Bxc5 Nxc5 8. c4 Ne7 9. Nc3 0-0 10. cxd5 Nxd5 11. Nxd5 Qxd5 12. Qxd5 exd5 13. Be2 Be6 14. 0-0 Rac8 15. Rac1 Na4 16. Nd4 a6 17. Nxe6 fxe6 18. Bg4 Kf7 19. Rb1 Rc7 20. Bd1 Nb6 21. b3 Ke7 22. f4 Rc3 23. Rb2 g6 24. g3 1/2-1/2

[Event "Hradec Kralove op 11th"]
[Site "Hradec Kralove"]
[Date "2021.11.06"]
[Round "1"]
[White "Zelbova, Lada"]
[Black "Mazatis, Benjamin"]
[Result "1/2-1/2"]
[WhiteElo "1928"]
[BlackElo "1562"]
[PlyCount "60"]
[EventDate "2021.11.06"]
[EventType "swiss"]
[EventRounds "9"]
[EventCountry "CZE"]
[SourceTitle "CBM 205 Extra"]
[Source "ChessBase"]
[SourceDate "2022.01.31"]
[SourceVersion "1"]
[SourceVersionDate "2022.01.31"]
[SourceQuality "1"]

1. e4 c6 2. Nf3 d5 3. Nc3 Bg4 4. h3 Bxf3 5. Qxf3 e6 6. d4 Bb4 7. a3 Qa5 8. exd5 Bxc3+ 9. bxc3 cxd5 10. Bd2 Qc7 11. Qg4 Kf8 12. Bd3 Nf6 13. Qh4 Nc6 14. c4 dxc4 15. Bxc4 Rd8 16. Bh6 Ne8 17. Be3 Ne7 18. Bd3 Nf6 19. 0-0 Nfd5 20. c4 Nxe3 21. fxe3 Ng8 22. Rf4 h6 23. Qf2 Rd7 24. Rf1 Nf6 25. Be2 h5 26. Qh4 Rh6 27. Bd3 e5 28. Rf5 exd4 29. exd4 Qd8 30. R5f4 b6 1/2-1/2